000 00615nab#a2200217#c#4500
999 _c87700
_d87700
003 IEF
005 20191210181641.0
008 950704s1975 uuu|| #####0 b| |u
040 _aIEF
_cES-MaIEF
100 1 _aMoral Medina, Francisco Javier
_930191
245 _aLa tarificación de los servicios públicos
_c Francisco Javier Moral Medina
260 _c1975
500 _aBibliografia
650 4 _aSERVICIOS PUBLICOS
_948391
650 4 _aGASTO PUBLICO
_944787
650 4 _aTARIFAS
_948523
773 0 _tHacienda pública española
_w34570
_g36, p. 243-271
942 _2udc
942 _2udc